000 00806nam a2200253 u 4500
005 20241113063725.0
008 160428s2015 r 000 0 eng d
020 _a9786079419295
035 _aUPN01000209882
049 _aF
050 4 _aKGF510
_bP4.2 2015
100 1 _aPérez Contreras, María de Montserrat
_935422
245 1 0 _aDerechos de las personas divorciadas /
_cMaría de Montserrat Pérez Contreras.
250 _a3a ed.
260 _aMéxico :
_bINEHRM :
_bUNAM, Instituto de Investigaciones Jurídicas,
_c2015.
300 _axxi, 45 p.
440 0 _aBiblioteca constitucional.
_pNuestros derechos
650 4 _aseparacion
650 4 _aDIVORCIO -
_zMEXICO
_915050
650 2 _aSeparación conyugal
_99119
650 4 _aDIVORCIADOS
_96980
905 _aLibro
999 _c181983
_d181983